[Event "London Mindsports Blitz"]
[Site "London"]
[Date "2022.09.11"]
[Round "5.5"]
[White "Andal, Edmond"]
[Black "Stoyanov, Viktor"]
[Result "1-0"]
[WhiteElo "2147"]
[BlackElo "2216"]
[PlyCount "95"]
[EventDate "2022.09.11"]
[EventType "swiss (blitz)"]
[EventRounds "9"]
[EventCountry "ENG"]
[SourceTitle "CBM 210 Extra"]
[Source "ChessBase"]
[SourceDate "2022.11.30"]
[SourceVersion "1"]
[SourceVersionDate "2022.11.30"]
[SourceQuality "1"]

1. d4 Nf6 2. Nf3 e6 3. Bg5 h6 4. Bf4 b6 5. e3 Bb7 6. Bd3 Be7 7. h3 0-0 8. 0-0 d6 9. Qe2 Ne4 10. Bxe4 Bxe4 11. Nbd2 Bb7 12. e4 Nd7 13. Rfd1 a5 14. c3 a4 15. a3 Kh8 16. Nf1 Nf6 17. Ng3 Ra5 18. Bd2 Ra7 19. e5 Nh7 20. c4 Qa8 21. Ne1 c5 22. dxc5 dxc5 23. Qg4 Bc6 24. Nh5 Rg8 25. Bf4 Qe8 26. Rd2 f5 27. Qe2 g6 28. Nf6 Nxf6 29. exf6 Bxf6 30. Rd6 Re7 31. Be5 Bxe5 32. Qxe5+ Kh7 33. Rad1 Rgg7 34. Nd3 Be4 35. Nf4 g5 36. Nxe6 Rg6 37. Rd8 Rgxe6 38. Qb8 Qf7 39. Rh8+ Kg6 40. Rdd8 Qf6 41. f3 Bc6 42. Rdg8+ Rg7 43. Rc8 f4 44. Rxc6 Rxc6 45. Qe8+ Qf7 46. Qxc6+ Qf6 47. Qe4+ Qf5 48. Rxh6+ 1-0

[Event "London Mindsports Blitz"]
[Site "London"]
[Date "2022.09.11"]
[Round "4.4"]
[White "Badacsonyi, Stanley Ethan Artie"]
[Black "Andal, Edmond"]
[Result "1-0"]
[WhiteElo "1868"]
[BlackElo "2147"]
[PlyCount "161"]
[EventDate "2022.09.11"]
[EventType "swiss (blitz)"]
[EventRounds "9"]
[EventCountry "ENG"]
[SourceTitle "CBM 210 Extra"]
[Source "ChessBase"]
[SourceDate "2022.11.30"]
[SourceVersion "1"]
[SourceVersionDate "2022.11.30"]
[SourceQuality "1"]

1. d4 c5 2. d5 g6 3. Nc3 Bg7 4. e4 a6 5. a4 d6 6. Nf3 Bg4 7. Be2 Bxf3 8. Bxf3 Nf6 9. g3 0-0 10. Bg2 Nbd7 11. 0-0 Rb8 12. a5 Qc7 13. h3 e6 14. dxe6 fxe6 15. Bf4 Ne5 16. Qe2 Nh5 17. Be3 Nc6 18. Rad1 Nxa5 19. Bf3 Nf6 20. Bf4 Ne8 21. Bg4 Qe7 22. Ra1 Nc6 23. Qc4 Nd4 24. Ne2 b5 25. Qd3 c4 26. Qd2 e5 27. Nxd4 exd4 28. Rxa6 Be5 29. Bg5 Qb7 30. Qa5 Qxe4 31. Re1 Qd5 32. f4 h5 33. Be2 Bg7 34. Bf1 Qf5 35. Ra7 d3 36. cxd3 Bd4+ 37. Kh2 Bxa7 38. Qxa7 Rc8 39. dxc4 bxc4 40. Qd4 Qc5 41. Qe4 Qf5 42. Bxc4+ Rxc4 43. Qxc4+ d5 44. Qc6 Ng7 45. Re5 Qf7 46. Qxd5 Qxd5 47. Rxd5 Rb8 48. Bf6 Nf5 49. Bc3 Kf7 50. Rd3 Re8 51. Rd2 Ne3 52. Kg1 Nf5 53. Kf2 Re4 54. Be5 Rb4 55. g4 hxg4 56. hxg4 Ne7 57. Kf3 Ke6 58. Rd6+ Kf7 59. Rf6+ Ke8 60. Bc3 Rb5 61. Re6 Kf7 62. Re1 Rd5 63. Ke4 Rb5 64. Rh1 Ke6 65. Ra1 Rb6 66. Ra5 Nc6 67. Rc5 Ne7 68. f5+ gxf5+ 69. gxf5+ Kf7 70. Rc7 Ke8 71. f6 Ng6 72. Kf5 Nh4+ 73. Kg5 Nf3+ 74. Kg6 Kd8 75. Rh7 Re6 76. Kg7 Ng5 77. Rh8+ Kd7 78. Rh5 Ne4 79. f7 Re7 80. Kg8 Nd6 81. f8Q 1-0

[Event "London Mindsports Blitz"]
[Site "London"]
[Date "2022.09.11"]
[Round "9.6"]
[White "Zhao, George"]
[Black "Andal, Edmond"]
[Result "1-0"]
[WhiteElo "1537"]
[BlackElo "2147"]
[PlyCount "117"]
[EventDate "2022.09.11"]
[EventType "swiss (blitz)"]
[EventRounds "9"]
[EventCountry "ENG"]
[SourceTitle "CBM 210 Extra"]
[Source "ChessBase"]
[SourceDate "2022.11.30"]
[SourceVersion "1"]
[SourceVersionDate "2022.11.30"]
[SourceQuality "1"]

1. d4 e6 2. Nf3 f5 3. g3 Nf6 4. Bg2 Be7 5. 0-0 0-0 6. Nbd2 d6 7. c4 Qe8 8. Re1 Ne4 9. Qc2 Qg6 10. b3 Nd7 11. Bb2 a5 12. e3 c6 13. Ba3 Re8 14. Rad1 b6 15. Nxe4 fxe4 16. Nd2 d5 17. Bxe7 Rxe7 18. cxd5 exd5 19. f3 exf3 20. Qxg6 f2+ 21. Kxf2 hxg6 22. Rc1 Bb7 23. Nf3 Rae8 24. Rc3 Rf8 25. Kg1 Rfe8 26. Bh3 Rf8 27. Kg2 Rf6 28. Bxd7 Rxd7 29. Ne5 Re7 30. Rec1 c5 31. a4 Kh7 32. h4 Bc8 33. Nf3 Bf5 34. Ng5+ Kh6 35. dxc5 bxc5 36. Rxc5 Be4+ 37. Nxe4 Rxe4 38. Rxd5 Rxe3 39. Rxa5 Rxb3 40. Rg5 Ra3 41. a5 Re6 42. Rc2 Ra6 43. Rcc5 Re6 44. Rce5 Rd6 45. Rd5 Rf6 46. Rb5 Ra2+ 47. Kh3 Rff2 48. Rb6 Rh2+ 49. Kg4 Ra4+ 50. Kf3 Ra3+ 51. Ke4 Re2+ 52. Kd4 Rd2+ 53. Kc4 Rc2+ 54. Kb4 Ra1 55. Rbxg6+ Kh7 56. Rxg7+ Kh8 57. R7g6 Rb2+ 58. Kc3 Rba2 59. Rh5# 1-0